[Event "Titled Tue 24th Jun Late"]
[Site "chess.com INT"]
[Date "2025.06.24"]
[Round "8"]
[White "Nalbandyan, Vahan"]
[Black "Borisek, Jure"]
[Result "0-1"]
[WhiteTitle "CM"]
[BlackTitle "GM"]
[WhiteElo "2155"]
[BlackElo "2558"]
[WhiteFideId "13309439"]
[BlackFideId "14603152"]
[EventDate "2025.06.24"]

1. e4 g6 2. d4 Bg7 3. c4 d6 4. Nc3 e5 5. Nge2 Nc6 6. d5 Nce7 7. Be3 f5 8. f3 Bh6
9. Bf2 Nf6 10. Nc1 O-O 11. Be2 c5 12. dxc6 bxc6 13. O-O Be6 14. Nb3 a5 15. Na4
fxe4 16. Bb6 Qd7 17. fxe4 Nxe4 18. Qc2 d5 19. Rad1 Rxf1+ 20. Rxf1 Nf5 21. Qd3
Ned6 22. cxd5 cxd5 23. Nbc5 Qe7 24. Nxe6 Qxe6 25. Kh1 e4 26. Qb3 Nc4 27. Bf2 Be3
28. Nc5 Bxc5 29. Bxc5 Rc8 30. Bf2 Nd2 31. Qb7 Nxf1 32. Bxf1 e3 33. Be1 d4 34.
Qb5 Qc6 35. Qb3+ Kg7 36. Bxa5 Re8 37. Be2 Qc1+ 38. Qd1 Qxd1+ 39. Bxd1 d3 0-1

[Event "Titled Tue 24th Jun Late"]
[Site "chess.com INT"]
[Date "2025.06.24"]
[Round "8"]
[White "Smieszek, Wojciech"]
[Black "Goryachkina, Aleksandra"]
[Result "0-1"]
[WhiteTitle "CM"]
[BlackTitle "GM"]
[WhiteElo "2141"]
[BlackElo "2533"]
[WhiteFideId "1156047"]
[BlackFideId "4147103"]
[EventDate "2025.06.24"]

1. e4 c5 2. Nf3 d6 3. d4 cxd4 4. Nxd4 Nf6 5. Nc3 Nc6 6. Be3 Ng4 7. Bb5 Nxe3 8.
fxe3 Bd7 9. Bxc6 bxc6 10. O-O e5 11. Qf3 f6 12. Nf5 Be6 13. Rad1 g6 14. Ng3 Be7
15. h4 Qd7 16. Rd2 O-O 17. Nge2 Rab8 18. b3 f5 19. Qg3 Kh8 20. Rfd1 Qc7 21. Kh1
Rbd8 22. Ng1 f4 23. Qe1 fxe3 24. Qxe3 Bg4 25. Nf3 Bxf3 26. gxf3 Bxh4 27. Rh2 Qe7
28. Rg1 d5 29. Qh6 Rxf3 30. Rxh4 Rxc3 31. Rxg6 dxe4 32. Re6 Rd1+ 33. Kh2 Rxc2+
34. Kh3 Rd3+ 35. Kg4 Rg2+ 36. Kf5 Qf7+ 37. Kxe5 Rd5+ 38. Kxe4 Qf5+ 39. Ke3 Rd3# 0-1

[Event "Titled Tue 24th Jun Late"]
[Site "chess.com INT"]
[Date "2025.06.24"]
[Round "8"]
[White "Maghsoodloo, Parham"]
[Black "Sanal, Vahap"]
[Result "1-0"]
[WhiteTitle "GM"]
[BlackTitle "GM"]
[WhiteElo "2691"]
[BlackElo "2564"]
[WhiteFideId "12539929"]
[BlackFideId "6300545"]
[EventDate "2025.06.24"]

1. c4 c6 2. Nf3 d5 3. b3 Nf6 4. Bb2 Bf5 5. Nh4 Bg6 6. Nxg6 hxg6 7. g3 e6 8. Bg2
Nbd7 9. d3 Bd6 10. Nd2 Qe7 11. a3 g5 12. h3 a6 13. Qc2 Kf8 14. e3 Rd8 15. b4 Be5
16. Bxe5 Nxe5 17. d4 Nxc4 18. Nxc4 dxc4 19. Qxc4 g6 20. a4 e5 21. dxe5 Qxe5 22.
O-O Kg7 23. Rab1 Qf5 24. g4 Qe5 25. b5 axb5 26. axb5 Rh4 27. Rfc1 c5 28. b6 Rd2
29. Rc2 Rxc2 30. Qxc2 Qe7 31. Rc1 Nd7 32. Bxb7 Nxb6 33. Bg2 Nd7 34. Rd1 Rh8 35.
Qc3+ Qf6 36. Qc4 Rd8 37. Qd5 Qe7 38. Bf1 Kf8 39. Bb5 Ke8 40. Kg2 Qe6 41. Qxc5
Qe4+ 42. Kg3 f6 43. Rxd7 1-0

[Event "Titled Tue 24th Jun Late"]
[Site "chess.com INT"]
[Date "2025.06.24"]
[Round "8"]
[White "Jumabayev, Rinat"]
[Black "Mishra, Abhimanyu"]
[Result "0-1"]
[WhiteTitle "GM"]
[BlackTitle "GM"]
[WhiteElo "2546"]
[BlackElo "2611"]
[WhiteFideId "13702661"]
[BlackFideId "30920019"]
[EventDate "2025.06.24"]

1. d4 d5 2. c4 c6 3. Nf3 Nf6 4. Qb3 dxc4 5. Qxc4 Bf5 6. g3 e6 7. Bg2 Be7 8. O-O
O-O 9. e3 Nbd7 10. Qe2 Bg6 11. Rd1 Rc8 12. Bd2 Qb6 13. Be1 c5 14. Nc3 cxd4 15.
Nxd4 Nc5 16. a4 a5 17. Qb5 Qa7 18. Qe2 Rfd8 19. Ndb5 Qb6 20. e4 h6 21. h3 Nfd7
22. Bd2 Nb3 23. Be3 Bc5 24. Rd6 Nxa1 25. Rxb6 Nxb6 26. Bxc5 Rxc5 27. Qe3 Nb3 28.
Ne2 Rc2 29. Nf4 Nc5 30. Nxg6 fxg6 31. Nd4 Nc4 32. Qf4 Rxd4 33. Qb8+ Kh7 34. e5
Rd1+ 35. Kh2 Rxf2 0-1

[Event "Titled Tue 24th Jun Late"]
[Site "chess.com INT"]
[Date "2025.06.24"]
[Round "8"]
[White "Reshetnikov, Alexey"]
[Black "Rodgers, Jack"]
[Result "0-1"]
[WhiteTitle "IM"]
[BlackTitle "FM"]
[WhiteElo "2492"]
[BlackElo "2183"]
[WhiteFideId "4162080"]
[BlackFideId "3220885"]
[EventDate "2025.06.24"]

1. d4 g6 2. e4 Bg7 3. Nc3 d6 4. h3 a6 5. a4 Nd7 6. Be3 b6 7. Nf3 Bb7 8. Bc4 e6
9. O-O Ne7 10. Re1 O-O 11. Bg5 h6 12. Bh4 g5 13. Bg3 Ng6 14. Qd2 Nf6 15. Bd3 Nh5
16. Bh2 Nhf4 17. Bf1 e5 18. d5 Qf6 19. Qd1 Bc8 20. Nd2 h5 21. a5 b5 22. Ne2 g4
23. hxg4 hxg4 24. Ra3 Qg5 25. Bg3 f5 26. exf5 Bxf5 27. Nc3 Rf7 28. Nce4 Qh5 29.
c4 b4 30. Rb3 Rb8 31. c5 dxc5 32. Nxc5 Bf8 33. Nxa6 Rh7 34. f3 Ra8 35. Qc1 gxf3
36. Nxf3 Bg4 37. Nxe5 Nxe5 38. Qxf4 Rxa6 39. Bxa6 Bc5+ 40. Kf1 Qh1# 0-1

[Event "Titled Tue 24th Jun Late"]
[Site "chess.com INT"]
[Date "2025.06.24"]
[Round "8"]
[White "Roberson, Peter T"]
[Black "Kolimar, Kristof Pal"]
[Result "0-1"]
[WhiteTitle "IM"]
[BlackTitle "FM"]
[WhiteElo "2433"]
[BlackElo "2368"]
[WhiteFideId "412384"]
[BlackFideId "798410"]
[EventDate "2025.06.24"]

1. g3 Nf6 2. Bg2 d5 3. Nf3 e6 4. O-O Be7 5. c4 O-O 6. b3 b6 7. Bb2 Bb7 8. e3 c5
9. cxd5 Nxd5 10. a3 Nd7 11. Qc2 Rc8 12. Nc3 Bf6 13. Rac1 Qc7 14. Rfd1 Qb8 15.
Ne2 Rfd8 16. Nf4 Nxf4 17. gxf4 Qa8 18. Ne1 Bxg2 19. Nxg2 Qf3 20. d3 Bxb2 21.
Qxb2 Nf6 22. Rd2 Ng4 23. b4 Qh3 24. Ne1 Qxh2+ 25. Kf1 cxb4 26. axb4 Qh1+ 27. Ke2
Nh2 28. Rxc8 Qf1+ 29. Kd1 Rxc8 30. Rc2 Rd8 31. Qd4 Qxe1+ 32. Kxe1 Nf3+ 33. Ke2
Nxd4+ 34. exd4 g6 35. Ke3 Rd5 36. Rc7 a5 37. bxa5 bxa5 38. Ra7 h5 39. Kd2 h4 40.
Ke3 h3 41. Rb7 h2 42. Rb1 Rh5 43. Rh1 a4 44. Kf3 a3 45. Kg2 a2 0-1

[Event "Titled Tue 24th Jun Late"]
[Site "chess.com INT"]
[Date "2025.06.24"]
[Round "8"]
[White "Bhatia, Kanishka"]
[Black "Kourousis, Epameinondas"]
[Result "0-1"]
[WhiteTitle "WCM"]
[BlackTitle "IM"]
[WhiteElo "1965"]
[BlackElo "2342"]
[WhiteFideId "2410095"]
[BlackFideId "4211626"]
[EventDate "2025.06.24"]

1. Nf3 Nf6 2. d4 e6 3. Bf4 b6 4. e3 Bb7 5. Bd3 Be7 6. c3 Nh5 7. Nbd2 Nxf4 8.
exf4 c5 9. O-O cxd4 10. cxd4 O-O 11. Rc1 Nc6 12. Re1 Nb4 13. Bb1 Rc8 14. a3 Rxc1
15. Qxc1 Nd5 16. Qc2 g6 17. g3 Qa8 18. Ne5 Rc8 19. Qd3 d6 20. Nef3 Rc7 21. Ne4
Nf6 22. Ned2 Qc8 23. Qe3 Rc1 24. Bd3 Bd5 25. Nb1 Rxe1+ 26. Nxe1 Ng4 27. Qd2 Ba8
28. Bf1 Nh6 29. Nc3 Bf6 30. Bg2 Nf5 31. Nc2 Bxg2 32. Kxg2 Qc6+ 33. f3 Qc4 34.
Ne2 Qxc2 35. Qxc2 Ne3+ 36. Kf2 Nxc2 37. d5 exd5 38. Nc1 Bxb2 39. Nd3 Bxa3 40.
Ke2 Bc5 41. g4 Nb4 42. Nb2 a5 43. h4 b5 44. Nd1 Bd4 45. f5 a4 46. Kd2 a3 0-1

[Event "Titled Tue 24th Jun Late"]
[Site "chess.com INT"]
[Date "2025.06.24"]
[Round "8"]
[White "Zhigalko, Sergei"]
[Black "Kobalia, Mikhail"]
[Result "1-0"]
[WhiteTitle "GM"]
[BlackTitle "GM"]
[WhiteElo "2572"]
[BlackElo "2538"]
[WhiteFideId "13502956"]
[BlackFideId "4119150"]
[EventDate "2025.06.24"]

1. e4 e5 2. Nf3 Nc6 3. Bc4 Nf6 4. d3 Be7 5. O-O O-O 6. Nbd2 d6 7. c3 Be6 8. Re1
Qd7 9. Nf1 Bxc4 10. dxc4 a5 11. a4 Qe6 12. b3 Nd7 13. Ne3 Nc5 14. Nd5 Bd8 15. b4
Nd7 16. Bg5 f6 17. Be3 Ncb8 18. Bc1 c6 19. Ne3 Nb6 20. c5 dxc5 21. bxc5 N6d7 22.
Qd6 Qf7 23. Nf5 Re8 24. Be3 Nf8 25. Rab1 Na6 26. Qd3 Qd7 27. Nd6 Rb8 28. Red1
Re6 29. Qc4 Qe7 30. Nf5 Qf7 31. Nd6 Qe7 32. Nh4 g6 33. Nhf5 gxf5 34. exf5 Kh8
35. fxe6 Nxe6 36. Nxb7 Bc7 37. Qxa6 1-0

[Event "Titled Tue 24th Jun Late"]
[Site "chess.com INT"]
[Date "2025.06.24"]
[Round "8"]
[White "Svane, Rasmus"]
[Black "Salinas Herrera, Pablo"]
[Result "1-0"]
[WhiteTitle "GM"]
[BlackTitle "GM"]
[WhiteElo "2626"]
[BlackElo "2447"]
[WhiteFideId "4657101"]
[BlackFideId "3407128"]
[EventDate "2025.06.24"]

1. Nf3 d5 2. g3 Bg4 3. Bg2 e6 4. O-O Nd7 5. h3 Bh5 6. d4 Ngf6 7. c4 c6 8. cxd5
exd5 9. Ne5 Nxe5 10. dxe5 Nd7 11. Nc3 Bc5 12. Na4 Be7 13. f4 f5 14. Be3 Nf8 15.
Rc1 Ne6 16. Nc5 Bxc5 17. Bxc5 Nxc5 18. Rxc5 Qb6 19. Qd4 Bxe2 20. Re1 Bh5 21. a4
a5 22. e6 O-O 23. Rxd5 Qxd4+ 24. Rxd4 Rfd8 25. Rxd8+ Rxd8 26. Re5 Rd1+ 27. Kh2
Rd2 28. e7 Be8 29. Rxf5 Bf7 30. Rxa5 Be8 31. Rf5 Bf7 32. Re5 Be8 33. b4 Kf7 34.
Kg1 Kf6 35. b5 Rd3 36. bxc6 bxc6 37. g4 Rd4 38. Re4 Rd1+ 39. Kf2 Ra1 40. g5+ Kf7
41. Bf1 Kg6 42. Bd3 Kf7 43. f5 h6 44. Bc4# 1-0

[Event "Titled Tue 24th Jun Late"]
[Site "chess.com INT"]
[Date "2025.06.24"]
[Round "8"]
[White "Montano Vicente, Guadalupe"]
[Black "Kawka, Milena"]
[Result "0-1"]
[BlackTitle "WCM"]
[WhiteElo "1938"]
[BlackElo "2003"]
[WhiteFideId "5181399"]
[BlackFideId "21095167"]
[EventDate "2025.06.24"]

1. d4 Nf6 2. c4 e6 3. Nc3 Bb4 4. Qc2 O-O 5. e4 d5 6. e5 Ne4 7. Bd3 c5 8. Nf3
cxd4 9. Nxd4 Nd7 10. cxd5 exd5 11. O-O Nxe5 12. Bxe4 dxe4 13. Qxe4 Ng6 14. Be3
Re8 15. Qf3 Ne5 16. Qg3 Nc4 17. Ncb5 a6 18. Bh6 g6 19. Bg5 f6 20. Qb3 axb5 21.
Nxb5 Be6 22. Qxb4 fxg5 23. Rad1 Qe7 24. Qc3 Rac8 25. Nd4 Bf7 26. Rfe1 Ne3 27.
Qxe3 Qd7 28. Qf3 Rxe1+ 29. Rxe1 Qxd4 30. Qxb7 Re8 31. Rxe8+ Bxe8 32. Qb3+ Bf7
33. Qc2 Bxa2 34. b3 Qa1+ 0-1

[Event "Titled Tue 24th Jun Late"]
[Site "chess.com INT"]
[Date "2025.06.24"]
[Round "8"]
[White "Nersisyan, Garnik"]
[Black "Harriott, Tyrell"]
[Result "1-0"]
[WhiteTitle "CM"]
[WhiteElo "2035"]
[BlackElo "1924"]
[WhiteFideId "13300741"]
[BlackFideId "2086484"]
[EventDate "2025.06.24"]

1. e4 d5 2. Nc3 dxe4 3. d3 exd3 4. Bxd3 Nf6 5. Nf3 Bg4 6. O-O e6 7. h3 Bh5 8.
Ne4 Nbd7 9. Bg5 Be7 10. Nxf6+ gxf6 11. Bh6 c6 12. a3 Qc7 13. b4 O-O-O 14. g4
Rhg8 15. Kh1 Bg6 16. Qd2 Ne5 17. Nxe5 fxe5 18. Qe3 f5 19. Rae1 e4 20. Bc4 fxg4
21. Qxa7 Qe5 22. Qa5 Rd5 23. Qa8+ Kc7 24. Qxg8 Bd6 25. Qg7+ Qxg7 26. Bxg7 Rd2
27. hxg4 Rxc2 28. Bxe6 Kb8 29. Bf5 Bf7 30. Bxe4 Rc4 31. Bf5 Bd5+ 32. f3 Ka7 33.
Be5 Bf8 34. Bg3 Bg7 35. Be4 Bf7 36. Rf2 Rc3 37. Kg2 Rxa3 38. Ree2 Ra4 39. Bd6
Bc4 40. Rc2 Be6 41. Bc5+ Kb8 42. Rfd2 Kc7 43. Bd6+ Kc8 44. Bc5 Bb3 45. Bb6 Bxc2
46. Rd8# 1-0

[Event "Titled Tue 24th Jun Late"]
[Site "chess.com INT"]
[Date "2025.06.24"]
[Round "8"]
[White "Chen, Yidong"]
[Black "Hobson, Kenneth"]
[Result "1-0"]
[BlackTitle "FM"]
[WhiteElo "2074"]
[BlackElo "2361"]
[WhiteFideId "8607028"]
[BlackFideId "480819"]
[EventDate "2025.06.24"]

1. e4 c5 2. Nf3 d6 3. d4 cxd4 4. Nxd4 Nf6 5. Nc3 a6 6. Be3 e5 7. Nb3 Be7 8. h3
Be6 9. Qf3 Nc6 10. O-O-O b5 11. g4 Rc8 12. g5 Nd7 13. h4 Nb6 14. Kb1 Nc4 15. Bc1
Qc7 16. Nd5 Bxd5 17. exd5 Nb4 18. c3 Nxa2 19. Kxa2 a5 20. Nd2 a4 21. Nxc4 bxc4
22. Qe4 a3 23. bxa3 O-O 24. Be2 Qc5 25. Be3 Qa5 26. Rb1 Ra8 27. Bc1 Rfc8 28. Rh3
Bd8 29. Bxc4 Bb6 30. Rb5 Qa4 31. Bd3 Qa7 32. Qxh7+ Kf8 33. Bf5 Rc5 34. c4 Rxb5
35. cxb5 Qa4 36. Bc2 Qxc2+ 37. Qxc2 Bc5 38. Rc3 1-0

[Event "Titled Tue 24th Jun Late"]
[Site "chess.com INT"]
[Date "2025.06.24"]
[Round "8"]
[White "Mammadov, Sadig"]
[Black "Skramstad, Oda Kofoed"]
[Result "1-0"]
[WhiteTitle "IM"]
[BlackTitle "WCM"]
[WhiteElo "2395"]
[BlackElo "1898"]
[WhiteFideId "13408712"]
[BlackFideId "1564862"]
[EventDate "2025.06.24"]

1. Nf3 g6 2. b3 Bg7 3. d4 d6 4. Bb2 Nf6 5. Nbd2 O-O 6. e4 Re8 7. Bc4 c6 8. e5
dxe5 9. dxe5 Nd5 10. O-O Bg4 11. h3 Bc8 12. Ne4 Nd7 13. Bxd5 cxd5 14. Qxd5 Qc7
15. e6 fxe6 16. Qxe6+ Kh8 17. Bxg7+ Kxg7 18. Neg5 Qf4 19. Rad1 Nf8 20. Qe5+ Qxe5
21. Nxe5 Bf5 22. c4 Rad8 23. g4 Bc8 24. Ngf7 Rxd1 25. Rxd1 Be6 26. Ng5 Bc8 27.
Kg2 h6 28. Ngf3 Ne6 29. Kg3 Rf8 30. Nd3 Rd8 31. Nb2 Rf8 32. Ne5 Ng5 33. f3 b6
34. h4 Ne6 35. Nbd3 Bb7 36. f4 Be4 37. Re1 Bb7 38. Nxg6 Kxg6 39. Rxe6+ Kf7 40.
Rxh6 Rd8 41. Ne5+ Kg7 42. Re6 Kf8 43. h5 Rd1 44. h6 Rg1+ 45. Kh4 Rh1+ 46. Kg5
Bc8 47. Ng6+ Kf7 48. Rxe7+ Kg8 49. Rg7# 1-0

[Event "Titled Tue 24th Jun Late"]
[Site "chess.com INT"]
[Date "2025.06.24"]
[Round "8"]
[White "Bold, Andre"]
[Black "Clawitter, Craig"]
[Result "1/2-1/2"]
[WhiteTitle "CM"]
[WhiteElo "2235"]
[BlackElo "2050"]
[WhiteFideId "16208471"]
[BlackFideId "2023105"]
[EventDate "2025.06.24"]

1. d4 e6 2. Nf3 Nf6 3. c4 d5 4. Nc3 dxc4 5. Qa4+ c6 6. Qxc4 b5 7. Qd3 Bb7 8. e4
Be7 9. Be2 O-O 10. O-O Nbd7 11. Bf4 b4 12. Na4 c5 13. dxc5 Bxe4 14. Qc4 Rc8 15.
Qxb4 Nxc5 16. Nxc5 Rxc5 17. Qd2 Rc2 18. Qxd8 Rxd8 19. Ba6 Rxb2 20. Ng5 Bd5 21.
a4 h6 22. Nf3 Bxf3 23. gxf3 Nd5 24. Be5 Rb3 25. Kg2 f6 26. Bg3 Kf7 27. Rab1 Rxb1
28. Rxb1 Nc3 29. Rb7 Nxa4 30. Rxa7 Nc5 31. Bc4 Rd7 32. Ra8 Bd6 33. Rc8 Bxg3 34.
Rxc5 Bd6 35. Rc6 Rc7 36. Rxc7+ Bxc7 37. h3 Ke7 38. Bb3 e5 39. Bc4 Kd6 40. Bg8
Kc5 41. Kf1 Kd4 42. Ke2 e4 43. fxe4 Kxe4 44. Be6 Kf4 45. Kf1 f5 46. Kg2 g5 47.
Bd7 Bb6 48. Bc8 h5 49. Bd7 g4 50. hxg4 fxg4 51. Bc6 h4 52. Bd7 h3+ 53. Kh1 Bxf2
54. Bxg4 Kxg4 55. Kh2 Kh4 1/2-1/2

[Event "Titled Tue 24th Jun Late"]
[Site "chess.com INT"]
[Date "2025.06.24"]
[Round "8"]
[White "Murzin, Volodar"]
[Black "Niemann, Hans Moke"]
[Result "1-0"]
[WhiteTitle "GM"]
[BlackTitle "GM"]
[WhiteElo "2666"]
[BlackElo "2736"]
[WhiteFideId "44155573"]
[BlackFideId "2093596"]
[EventDate "2025.06.24"]

1. d4 Nf6 2. Nf3 d5 3. Bf4 e6 4. Nbd2 Bd6 5. e3 O-O 6. c3 b6 7. Ne5 c5 8. Bd3
Ba6 9. Bxa6 Nxa6 10. Bg5 Nb8 11. Qf3 Be7 12. h4 Nfd7 13. Qg4 Nxe5 14. dxe5 Kh8
15. Nf3 Nc6 16. Rd1 Qe8 17. h5 Bxg5 18. Qxg5 f6 19. Qg3 fxe5 20. h6 Qg6 21.
hxg7+ Kxg7 22. Ng5 Rf5 23. Nxe6+ Kf7 24. Qxg6+ hxg6 25. Nc7 Rd8 26. Nxd5 e4 27.
Rh7+ Kg8 28. Rc7 Rdxd5 29. Rxd5 Rxd5 30. Rxc6 Kf7 31. Rc7+ Kf6 32. Rxa7 c4 33.
Ra4 b5 34. Ra5 Ke5 35. Ke2 Kd6 36. a4 bxa4 37. Rxd5+ Kxd5 38. f3 Ke5 39. Kf2 g5
40. Kg3 Kf5 41. Kh3 exf3 42. gxf3 g4+ 43. fxg4+ Ke4 44. g5 Kd3 45. g6 Kc2 46. g7
Kxb2 47. g8=Q a3 48. Qxc4 a2 49. Qxa2+ 1-0

[Event "Titled Tue 24th Jun Late"]
[Site "chess.com INT"]
[Date "2025.06.24"]
[Round "8"]
[White "Van Baar, Esper"]
[Black "Kelley, Deshawn"]
[Result "1-0"]
[WhiteTitle "FM"]
[WhiteElo "2232"]
[BlackElo "2014"]
[WhiteFideId "1049321"]
[BlackFideId "30911940"]
[EventDate "2025.06.24"]

1. Nf3 e6 2. g3 g6 3. Bg2 Bg7 4. O-O Ne7 5. d4 b6 6. b3 Bb7 7. Bb2 O-O 8. c4 d6
9. Qc2 Nd7 10. Nbd2 a5 11. Rfe1 e5 12. dxe5 dxe5 13. Rad1 Qe8 14. Ne4 h6 15. Nc3
Nc5 16. Nb5 Qc6 17. a3 Ne6 18. e3 Rfd8 19. Rxd8+ Rxd8 20. Rd1 Rxd1+ 21. Qxd1 f6
22. Ne1 e4 23. Nc2 Ng5 24. Qd8+ Kf7 25. Qxc7 Qxc7 26. Nxc7 Nf3+ 27. Bxf3 exf3
28. Kf1 h5 29. Nb5 Be4 30. Nd6+ Ke6 31. Nxe4 Bh6 32. Nd2 g5 33. Nxf3 g4 34.
Nfd4+ Kd6 35. Ne2 f5 36. Nf4 h4 37. Ke2 h3 38. Nd4 Bf8 39. Nb5+ Kc5 40. Bd4+ Kc6
41. Ne6 Bh6 42. Kd3 Ng6 43. Nd8+ Kd7 44. Nf7 Bf8 45. Ne5+ Nxe5+ 46. Bxe5 Bc5 47.
Bd4 Kc6 48. Bxc5 Kxc5 49. Kc3 1-0

[Event "Titled Tue 24th Jun Late"]
[Site "chess.com INT"]
[Date "2025.06.24"]
[Round "8"]
[White "Gubajdullin, Alexei"]
[Black "Pereyra, Horacio"]
[Result "0-1"]
[WhiteTitle "FM"]
[WhiteElo "2233"]
[BlackElo "2133"]
[WhiteFideId "4141202"]
[BlackFideId "113700"]
[EventDate "2025.06.24"]

1. Nf3 g6 2. g3 Bg7 3. Bg2 d6 4. O-O Nd7 5. d3 e5 6. e3 Ne7 7. Nbd2 O-O 8. Rb1
h6 9. b4 f5 10. b5 Nf6 11. a4 Rb8 12. Ba3 b6 13. c4 g5 14. Ne1 Ng6 15. Nc2 f4
16. Nb4 fxe3 17. fxe3 Bd7 18. Nc6 Bxc6 19. Bxc6 h5 20. Ne4 Ng4 21. Rxf8+ Qxf8
22. Qe2 Qe7 23. h3 Nf6 24. Nxf6+ Bxf6 25. Qxh5 Kg7 26. Be4 Qf7 27. Rf1 Rh8 28.
Qg4 Ne7 29. Bb2 Qh5 30. Qe6 Rh6 31. d4 Qe2 32. Rf2 Qxe3 33. dxe5 Qxg3+ 34. Kf1
dxe5 35. Qg4 Qxh3+ 36. Qxh3 Rxh3 37. Rd2 Re3 38. Bb7 e4 39. Ba3 Nf5 40. Rd7+ Kh6
41. Rxc7 Ng3+ 42. Kg2 Be5 43. Bc1 Re2+ 44. Kh3 Bxc7 45. Kg4 Kg6 46. Bxg5 Nf5 47.
Bc8 Rg2+ 48. Kh3 Rxg5 0-1

[Event "Titled Tue 24th Jun Late"]
[Site "chess.com INT"]
[Date "2025.06.24"]
[Round "8"]
[White "Playa, Marcelo"]
[Black "Ohler, Julius"]
[Result "0-1"]
[WhiteTitle "IM"]
[BlackTitle "FM"]
[WhiteElo "2376"]
[BlackElo "2301"]
[WhiteFideId "102202"]
[BlackFideId "16238982"]
[EventDate "2025.06.24"]

1. e4 c6 2. d4 d5 3. e5 Bf5 4. g4 Bd7 5. Nc3 e6 6. Be3 a6 7. Qd2 Qc7 8. O-O-O c5
9. Nf3 h5 10. gxh5 Rxh5 11. dxc5 Bxc5 12. Be2 Ne7 13. Nd4 Rh8 14. f4 g6 15. h4
Bb4 16. h5 gxh5 17. Rxh5 Rf8 18. Rdh1 Nbc6 19. Nxc6 Bxc6 20. Bd4 O-O-O 21. Bd3
Bb5 22. Qe3 Qc6 23. Nxb5 axb5 24. Bb6 d4 25. Bxd4 Nd5 26. Qf2 Rg8 27. c3 Ba5 28.
Kb1 Rg4 29. Be4 Nxc3+ 30. Bxc3 Qxe4+ 31. Ka1 Bxc3 32. bxc3 Qc6 33. R5h3 Rg2 34.
Qf3 Rdd2 35. Qxc6+ bxc6 36. Rh8+ Kc7 37. R8h7 Rxa2+ 38. Kb1 Rgb2+ 39. Kc1 Rb3
40. Rxf7+ Kb6 41. Rh6 Rxc3+ 42. Kb1 Rf2 0-1

[Event "Titled Tue 24th Jun Late"]
[Site "chess.com INT"]
[Date "2025.06.24"]
[Round "8"]
[White "Soza de la Carrera, Jose"]
[Black "Marin Ferragut, Pau"]
[Result "1-0"]
[WhiteTitle "CM"]
[BlackTitle "FM"]
[WhiteElo "2221"]
[BlackElo "2380"]
[WhiteFideId "3401278"]
[BlackFideId "54716020"]
[EventDate "2025.06.24"]

1. d4 g6 2. c4 Bg7 3. Nc3 d6 4. e4 e5 5. d5 f5 6. exf5 gxf5 7. Nf3 Nf6 8. Ng5
Qe7 9. Be2 O-O 10. Bd2 h6 11. Nf3 Nh7 12. Qc2 a5 13. O-O-O Na6 14. Rdg1 Nb4 15.
Qb3 e4 16. Ne1 f4 17. Nc2 Na6 18. Nb5 Nc5 19. Qa3 c6 20. dxc6 bxc6 21. Nbd4 Bd7
22. Bc3 Ng5 23. h4 Nf7 24. f3 Ne5 25. g3 Ned3+ 26. Kb1 exf3 27. Bxf3 Qf7 28.
gxf4 Kh8 29. Bxc6 Bxc6 30. Nxc6 Bxc3 31. Qxc3+ Qf6 32. Qxf6+ Rxf6 33. Ne7 Nxf4
34. Rg4 Nce6 35. Nd4 Re8 36. Nxe6 Nxe6 37. Ng6+ Kh7 38. Rhg1 Nc5 39. Nf4 Re7 40.
Nd5 Ref7 41. Nxf6+ Rxf6 42. Rg7+ Kh8 43. Rg8+ Kh7 44. R1g7# 1-0

[Event "Titled Tue 24th Jun Late"]
[Site "chess.com INT"]
[Date "2025.06.24"]
[Round "8"]
[White "Dubnevych, Maksym"]
[Black "Asish Panda"]
[Result "1-0"]
[WhiteTitle "FM"]
[WhiteElo "2296"]
[BlackElo "1911"]
[WhiteFideId "14184001"]
[BlackFideId "45012458"]
[EventDate "2025.06.24"]

1. Nc3 d5 2. e4 e6 3. d4 Nf6 4. e5 Nfd7 5. Nce2 c5 6. c3 Nc6 7. Nf3 Be7 8. a3 a5
9. h4 h6 10. Nf4 g6 11. Be2 Qb6 12. O-O c4 13. Qc2 Nf8 14. a4 Bd7 15. Rb1 Qd8
16. b3 cxb3 17. Rxb3 Rb8 18. g3 g5 19. Nh5 Ng6 20. hxg5 hxg5 21. g4 Kf8 22. Bd3
Be8 23. Be3 b6 24. Bxg6 fxg6 25. Ng3 Kg7 26. Ne1 Bf7 27. Rb2 Rh3 28. Qd2 Rh4 29.
Ng2 Rxg4 30. Qe2 Rh4 31. Nxh4 gxh4 32. Nh1 g5 33. f4 Bg6 34. Kh2 Bf5 35. fxg5
Kg6 36. Nf2 Qc7 37. Nh3 Bxh3 38. Kxh3 Rf8 39. Rxf8 Bxf8 40. Qd3+ Kg7 41. Rf2 Ne7
42. Bd2 Qd7 43. Rxf8 Kxf8 44. Qh7 Ke8 45. g6 Nf5 46. Qh8+ Ke7 47. Bg5# 1-0

[Event "Titled Tue 24th Jun Late"]
[Site "chess.com INT"]
[Date "2025.06.24"]
[Round "8"]
[White "Cornelisse, Lorelei"]
[Black "Hernandez Leon, Sergio"]
[Result "0-1"]
[WhiteTitle "WFM"]
[BlackTitle "CM"]
[WhiteElo "2138"]
[BlackElo "2102"]
[WhiteFideId "1087177"]
[BlackFideId "2285622"]
[EventDate "2025.06.24"]

1. d4 f5 2. e4 fxe4 3. Nc3 Nf6 4. Bg5 g6 5. h4 d5 6. h5 Bf5 7. f3 h6 8. Bxf6
exf6 9. g4 Be6 10. hxg6 Bb4 11. fxe4 dxe4 12. g5 fxg5 13. d5 Bxc3+ 14. bxc3 Qxd5
15. g7 Rg8 16. Rxh6 Nc6 17. c4 Qa5+ 18. Kf2 Qf5+ 19. Kg2 Bd7 20. Qh5+ Qf7 21.
Qxg5 Qxg7 22. Qxg7 Rxg7+ 23. Kf2 O-O-O 24. Ne2 Ne5 25. Rh4 Rf7+ 26. Ke3 Nxc4+
27. Kd4 Nb6 28. Kc3 Bb5 29. Bh3+ Kb8 30. Nd4 Be8 31. a4 c5 32. Nb3 Rf3+ 33. Kb2
Nxa4+ 34. Kb1 Rd1+ 35. Ka2 Rxa1+ 36. Kxa1 Bf7 37. Rxe4 Rxh3 38. Rxa4 Bxb3 39.
cxb3 Rxb3 40. Rh4 a5 41. Ka2 Rb4 42. Rh5 b6 43. Rh7 Rd4 44. Ka3 b5 45. Rg7 Rd3+
46. Kb2 a4 47. Rh7 b4 48. Kc2 Rc3+ 49. Kb2 a3+ 50. Ka2 c4 51. Rh2 Kb7 52. Rh6
Rc2+ 53. Kb1 b3 54. Rh7+ Kb6 55. Rh6+ Kb5 56. Rh1 Kb4 57. Rh8 a2+ 58. Ka1 Rc1+
59. Kb2 a1=Q# 0-1

[Event "Titled Tue 24th Jun Late"]
[Site "chess.com INT"]
[Date "2025.06.24"]
[Round "8"]
[White "Kozionov, Kirill"]
[Black "Manukyan, Sargis A."]
[Result "0-1"]
[WhiteTitle "IM"]
[BlackTitle "FM"]
[WhiteElo "2442"]
[BlackElo "2294"]
[WhiteFideId "24101729"]
[BlackFideId "13303970"]
[EventDate "2025.06.24"]

1. d4 d5 2. c4 e6 3. Bf4 Nf6 4. Nc3 Be7 5. Nf3 c5 6. cxd5 Nxd5 7. Nxd5 Qxd5 8.
e3 cxd4 9. exd4 Bb4+ 10. Bd2 Bxd2+ 11. Qxd2 O-O 12. Bd3 Nc6 13. O-O Rd8 14. Rfd1
b6 15. Rac1 Bb7 16. Ng5 h6 17. Bh7+ Kf8 18. Be4 Qxg5 19. Qxg5 hxg5 20. Bxc6 Bxc6
21. Rxc6 Rac8 22. Rxc8 Rxc8 23. g3 Rc2 24. d5 e5 25. d6 Ke8 26. Re1 f6 27. f4
gxf4 28. gxf4 Kd7 29. fxe5 fxe5 30. Rxe5 Kxd6 31. Rb5 Kc6 32. Rb3 a5 33. h4 Rd2
34. a3 b5 35. h5 Rd5 36. Rh3 Rd1+ 37. Kf2 Rd2+ 38. Ke3 Rxb2 39. Kf4 Rg2 40. Ke5
b4 41. axb4 axb4 42. Kd4 Kb5 43. Rh4 Ka4 44. Kc5 Rc2+ 45. Kd5 Ka3 46. Rg4 Rc7
47. Kd6 Ra7 48. Rg1 Rf7 49. Ke6 Rb7 50. Rf1 b3 51. Rf7 Rxf7 52. Kxf7 b2 53. Kxg7
b1=Q 54. h6 Qb7+ 55. Kg8 Qc8+ 56. Kg7 Qg4+ 57. Kf6 Qh5 58. Kg7 Qg5+ 59. Kf7 Qxh6 0-1